Mumbai Landmarks (Easy) - Statistics

General Stats
  • This quiz has been taken 115 times
  • The average score is 8 of 20
Answer Stats
Picture Answer % Correct
Gateway of India
97%
Taj Mahal Palace Hotel
84%
Bandra-Worli Sealink
66%
Chhatrapati Shivaji Maharaj Terminus
61%
Haji Ali
54%
Bombay Stock Exchange
47%
Lalbaug cha Raja
44%
Girgaon Chowpatty
43%
Siddhivinayak Temple
38%
BMC Building
33%
Flora Fountain
31%
Mumbai High Court
30%
Shivaji Park
28%
Brabourne Stadium
19%
Rajabai Tower
19%
Mount Mary Church
17%
RBI Building
17%
Kanheri Caves
13%
Global Vipassana Pagoda
12%
GPO Building
6%
No matching quizzes found
Score Distribution
Percent of People with Each Score
Percentile by Number Answered
Your Score History
You have not taken this quiz